Music Quiz

Random Music or Song Quiz

'E' Artists by 3 Singles Quiz Stats

Quiz Updated Dec 24, 2017

Challenge
Share
Tweet
Embed
Score 0/20 Timer 05:00
3 Plays Today
% Correct
Eminem
93.9%
Eagles
93.5%
Eurythmics
88.4%
Europe
81.3%
Missy Elliott
79.8%
Earth, Wind & Fire
76.8%
Evanescence
74.7%
Electric Light Orchestra
69.4%
Gloria Estefan
68.3%
The Everly Brothers
67.4%
% Correct
Melissa Etheridge
64.4%
Enya
64.1%
Sheena Easton
63.9%
En Vogue
62.6%
Extreme
57.3%
The Edgar Winter Group
54.2%
Eve
53.8%
Faith Evans
50.7%
The Escape Club
39.8%
Exposé
29.5%

You're not logged in!

Compare scores with friends on all Sporcle quizzes.
Sign Up with Email
OR
Log In

You Might Also Like...

Show Comments

Extras

Top Quizzes Today


Score Distribution

Your Account Isn't Verified!

In order to create a playlist on Sporcle, you need to verify the email address you used during registration. Go to your Sporcle Settings to finish the process.

Report this User

Report this user for behavior that violates our Community Guidelines.

Details: